000
00299nam a2200133Ia 4500
005
20251222152620.0
008
251222s9999||||xx |||||||||||||| ||spa||
082
_a
863.3/Q37
100
_a
Quevedo, Francisco de
245
0
_a
El Buscón
250
_a
1ra.ed.
264
_b
Grupo Zeta
942
_c
LIB
999
_c
27306
_d
27306